| 000 | 01265nam a2200325 a 4500 | ||
|---|---|---|---|
| 001 | 000005064 | ||
| 003 | OSt | ||
| 005 | 20240430111443.0 | ||
| 008 | 090729s1978 dr 000 0 spa d | ||
| 040 |
_aDO-SdBNP _bspa _cBNPHU |
||
| 082 | 4 |
_a330.97293 _bE19d 1977 |
|
| 245 | 0 | 0 |
_aEconomía dominicana, 1977 / _cJosé Luis Alemán ... [et al.]. |
| 260 |
_aSanto Domingo : _bAsociación para el desarrollo, _bFondo para el avance de las Ciencias Sociales, _c1978. |
||
| 300 |
_a295 p. ; _c21 cm. |
||
| 500 | _aA la cabeza del titulo: Academia de Ciencias de la República Dominicana | ||
| 500 | _aIncluye referencias bibliográficas y notas al pie de las páginas. | ||
| 590 | _aInventariado, 2018/ YL | ||
| 651 | 4 |
_aRepública Dominicana _xCondiciones Económicas _y1977 _914555 |
|
| 651 | 4 |
_aRepública Dominicana _xPolítica Económica _y1977 _914556 |
|
| 700 | 1 |
_aAlemán, José Luis, _97046 |
|
| 700 | 1 | 2 |
_aCabral, Manuel José _912678 |
| 700 | 1 | 2 |
_aCastillo, Francisco José _912679 |
| 700 | 1 | 2 |
_aDespradel, Carlos _d1942- _99280 |
| 700 | 1 | 2 |
_aMungía, Jorge _914557 |
| 700 | 1 | 2 |
_aPérez Minaya, Ramón _99437 |
| 700 | 1 | 2 |
_aVolmar, Gustavo _912682 |
| 700 | 1 | 2 |
_aVega, Bernardo, _d1938 - _93222 |
| 910 | _aValidado. Control de calidad MFF | ||
| 942 |
_2ddc _cLBS1 |
||
| 999 |
_c4868 _d4868 |
||